000 00710nam a22001817a 4500
003 OSt
005 20250320092529.0
008 240903b ||||| |||| 00| 0 eng d
040 _c0
082 _aDPer 808.042 C686 June 2019 - February 2020, v. 70-71, n. 1-4.
100 _aLazere, Donald.
_eauthor.
_959988
245 _aReaffirming critical composition studies as an antidote to Trumpian authoritarianism /
_cDonald Lazere.
260 _aUSA ;
_bNational Council of Teachers of English,
_cDecember 2019.
300 _avolume 71, pages 296-329.
500 _aCollege Composition & Communication, v. 71 n. 2, pages 296-329, December 2019.
700 _aLazere, Donald.
_eauthor.
_959988
942 _2ddc
_cPER
999 _c21249
_d21249